|
|
|
|
| LEADER |
00000nam a22000007a 4500 |
| 005 |
20210616224448.0 |
| 007 |
cr|||| |||| |
| 008 |
210616s2017 br |||||s|||| 00||0 por d |
| 020 |
|
|
|a 978-85-8310-082-9
|
| 035 |
|
|
|a 33304
|
| 040 |
|
|
|a vLex
|
| 090 |
|
|
|c 11794
|d 11794
|
| 100 |
1 |
|
|a Gandra Da Silva Martins, Angela Vidal
|
| 245 |
1 |
0 |
|a Antropologia filosf̤ica e direito
|h [Recurso electrn̤ico] :
|b um confronto entre o personalismo de Lon Fuller e o economicismo de Richard Posner /
|c Angela Vidal Gandra Da Silva Martins
|
| 256 |
|
|
|a Servicio en ln̕ea
|
| 260 |
|
|
|a San Pablo:
|b Editora Noeses,
|c 2017
|
| 300 |
|
|
|a 1 recurso electrn̤ico
|
| 500 |
|
|
|a Antropologia Filosf̤ica e Direito: Um confronto entre Lon Fuller e Richard Posner - A obra dedica-se a demonstrar o elo existente entre a Antropologia Filosf̤ica e o Direito atravš da contraposiȯ̂ de duas correntes antagn̥icas, o personalismo e o economicismo, traȧndo as consequn̊cias em termos de prt̀ica jurd̕ica e ordem social. Entô, o mťodo escolhido foi o confronto entre as ideias de dois pensadores de estatura: Lon Fuller e Richard Posner.
|
| 506 |
1 |
|
|a Disponible solo en los productos indicados
|d vLex Global
|d vLex Global (Academic Edition, excluding Law Schools)
|d vLex Global (U.S. Academic Edition, Law Schools)
|d vLex Global (U.S. Academic Edition, excluding Law Schools)
|d vLex Global (Academic Edition, Law Schools)
|
| 650 |
0 |
4 |
|a Derecho Militar
|z Brasil
|
| 740 |
0 |
|
|a vLex Libros (Servicio en ln̕ea)
|
| 856 |
4 |
0 |
|u https://vlex.com/source/antropologia-filosofica-e-direito-um-confronto-entre-o-personalismo-de-lon-fuller-e-o-economicismo-de-richard-posner-33304
|z Acceso restringido
|
| 942 |
|
|
|c BOOK
|
| 999 |
0 |
|
|a Military Law
|